000
002550000a22000970004500
100
1
_a
Soto, José Alberto
245
1
0
_a
Los hombres también lloran
300
_a
Vol. 58, Núm 265 (2003), Páginas 14-16
773
0
_t
La Biblia de las Américas
942
_c
ANA
999
_c
51759
_d
51759